[Event "Central-SRB chT 2018"]
[Site "Kragujevac"]
[Date "2018.09.14"]
[Round "1"]
[White "Irizanin, Radoje"]
[Black "Paunovic, Tomislav"]
[Result "0-1"]
[WhiteElo "2296"]
[BlackElo "2340"]
[Annotator "TA"]
[PlyCount "134"]
[EventDate "2018.09.14"]
[EventType "team-tourn"]
[EventCountry "SRB"]
[SourceTitle "playchess.com"]
[Source "ChessBase"]
[SourceQuality "1"]

{[%evp 9,134,38,38,29,42,17,29,4,1,0,0,-2,4,0,72,67,80,75,122,56,53,68,58,41,67,0,31,15,25,18,94,-49,-18,-29,-7,-20,0,-177,-163,-167,-156,-159,-159,-159,-164,-243,-138,-149,-93,-150,-135,-160,-151,-159,-134,-124,-113,-220,-228,-222,-203,-228,-216,-225,-215,-233,-194,-191,-125,-200,0,-93,0,-282,-276,-281,-269,-260,-253,-289,-297,-418,-400,-397,-393,-612,-612,-612,-612,-597,-569,-1156,-1106,-1266,-1387,-1680,-1313,-498,-816,-1427,-1396,-1637,-1242,-1199,-1614,-1054,-1199,-5611,-4516,-4818,-739,-651,-623,-1000,-347,-29970,-5627,-29958,-29948,-29990,-29991,-29991,-29991,-29992,-29993,-29994,-29995]} 1. d4 g6 2. c3 Bg7 3. Bg5 h6 4. Bh4 f5 5. e3 Nf6 {LiveBook: 3 Games} 6. Nd2 {A40: Unusual replies to 1 d4} d6 7. Bxf6 $146 ({Predecessor:} 7. f4 Nbd7 8. Bc4 Nb6 9. Bb3 a5 10. a3 a4 11. Ba2 c6 12. Bxf6 Bxf6 {½-½ (46) Fleetwood,D (2562)-Hall,R (2620) ICCF email 2015}) 7... Bxf6 8. Bc4 {White has an edge.} (8. g4 $5) 8... e5 9. dxe5 dxe5 10. e4 Qe7 11. exf5 gxf5 (11... Bxf5 $11 {remains equal.} 12. g4 Be6) 12. Qh5+ $16 Kf8 13. O-O-O Kg7 14. h4 (14. Ne2 $16) 14... Qe8 $14 15. Qe2 Nc6 16. g4 fxg4 17. Bd3 (17. f3 $1 $14) 17... Ne7 18. f3 {[%mdl 1024] White has compensation.} h5 19. Ne4 Qg6 (19... Qc6 $11) 20. Qf2 ({Better is} 20. fxg4 $1 $16 Bxg4 21. Nf3) 20... Rf8 {Threatening ...Bf5.} (20... Rd8 $5 {[%cal Rc8f5]} 21. Ne2 gxf3 22. Qxf3 Bg4 23. Qxf6+ Qxf6 24. Nxf6 Kxf6 $17) 21. Nh3 Kh8 $36 {[%mdl 2048] Black is more active.} 22. Nhg5 Bf5 23. Bc2 $2 (23. Nxf6 $11 Qxf6 24. fxg4 Bxg4 25. Qxf6+ Rxf6 26. Rde1) 23... Bxg5+ $1 $19 24. Nxg5 Bxc2 25. Qxc2 Qxc2+ 26. Kxc2 gxf3 {...Nf5 is the strong threat.} 27. Rdf1 {[#]} (27. Kc1 $142) 27... Ng6 ({Black should play} 27... e4 $1 $19 28. Nxe4 Nd5) 28. Nxf3 Rf5 (28... Rae8 $142 29. Nd2 Rf4) 29. Rhg1 (29. Ng5 $142 Raf8 30. Rd1) 29... Kg7 $17 30. Ng5 Rxf1 31. Rxf1 Nxh4 {[%mdl 4096] Endgame KRN-KRN} 32. Ne6+ Kg6 33. Kd3 (33. Nxc7 $17 {keeps fighting.} Rh8 34. Kd3) 33... Nf5 $1 $19 34. Rg1+ Kf6 $1 {[%cal Rf6e6]} 35. Nxc7 Rd8+ 36. Ke4 Nd6+ 37. Ke3 Nc4+ 38. Ke4 {[#]} Nd2+ $1 ({But not} 38... Nxb2 39. Nd5+ Kf7 40. Rg5 $17) 39. Ke3 Nc4+ (39... h4 $19 {has better winning chances.} 40. b3 e4) 40. Ke4 $17 Nd6+ $2 (40... Rd2 $17 41. Ne8+ Ke7) 41. Ke3 $1 $19 Rd7 42. Nd5+ Ke6 43. Nb4 h4 44. Nd3 Nf5+ 45. Ke4 {[#]} (45. Ke2 $142 Rh7 46. Rg6+ Ke7 47. Rg5) 45... Ng3+ $1 46. Ke3 {Hoping for Nc5+.} Rg7 47. Re1 (47. Ne1 $142) 47... h3 {And now ...h2 would win.} 48. Kf3 h2 {White must now prevent ...e4+.} 49. Nf2 Kf5 50. c4 e4+ 51. Kg2 {[#]} h1=Q+ $1 {[%mdl 512]} 52. Nxh1 (52. Rxh1 Nxh1+) 52... Nxh1+ 53. Kxh1 {KR-KR} Kf4 54. Rf1+ Ke3 55. c5 Ke2 56. Rf8 e3 57. b4 Rg5 58. Rc8 Kd3 59. Rd8+ Kc4 (59... Kc3 $142 60. Re8 Kd2 61. Rd8+ Ke1) 60. Re8 Kd4 61. a3 Rg4 $2 (61... Kd3 {Strongly threatening ...e2.} 62. Rd8+ Kc3) 62. Rd8+ $2 (62. b5 $19 Kxc5 63. b6 Kxb6 64. Rxe3) 62... Kc4 (62... Kc3 $142 63. Rd1 e2 64. Rc1+ Kd2 65. Rb1 e1=Q+ 66. Rxe1 Kxe1 67. Kh2 Kf2 68. Kh3 Rc4 69. b5 Kf3 70. a4 Rxc5 71. Kh2 Rc1 72. a5 Ra1 73. a6 b6 74. Kh3 Rh1#) 63. Re8 Kd3 {Black mates.} 64. b5 e2 65. c6 bxc6 66. bxc6 Re4 67. Rd8+ Ke3 {Precision: White = 38%, Black = 57%.} 0-1

[Event "Central-SRB chT 2018"]
[Site "Kragujevac"]
[Date "2018.09.14"]
[Round "1"]
[White "Manic, Jovica"]
[Black "Marinkovic, Ivan"]
[Result "0-1"]
[WhiteElo "2255"]
[BlackElo "2459"]
[Annotator "TA"]
[PlyCount "124"]
[EventDate "2018.09.14"]
[EventType "team-tourn"]
[EventCountry "SRB"]
[SourceTitle "playchess.com"]
[Source "ChessBase"]
[SourceQuality "1"]

{[%evp 10,124,0,-61,-69,-68,-54,-49,0,0,0,-4,10,-4,0,0,0,0,0,0,-4,0,0,-7,0,0,1,0,0,-6,0,-6,20,0,-2,-14,8,-22,0,-25,0,0,0,0,0,0,0,-27,0,0,0,-77,-45,-98,-112,-178,-166,-193,-126,-175,-65,-73,-62,-55,-37,-92,-59,-69,-55,-47,-8,-71,-9,-8,-8,-8,-8,-17,-13,-18,-12,-19,-11,-11,-11,-87,-87,-88,-88,-88,-88,-990,-59,-106,0,-860,-856,-981,-440,-432,-414,-4918,-514,-29958,-29962,-29962,-29962,-29965,-29966,-29966,-29966,-29966,-29964,-29964,-29963,-29965,-29965]} 1. e4 Nf6 2. e5 Nd5 3. c4 Nb6 4. c5 Nd5 5. Bc4 e6 6. Qg4 {LiveBook: 4 Partien. B02: Aljechin-Verteidigung (Jagdvariante)} (6. d4 $11) 6... Nb4 $15 {Und ...Sc2+ würde nun gewinnen.} 7. Na3 b6 8. Nf3 {Schwarz steht etwas besser.} Ba6 9. O-O Bxc4 10. Nxc4 N8c6 11. d4 h5 $146 ({Vorgänger:} 11... Nd5 12. Bg5 Be7 13. Bd2 Kf8 {0-1 (27) Nurkic,S (2450)-Fiore,M (2340) Formia 1995}) 12. Qe4 bxc5 13. a3 Nd5 14. dxc5 Bxc5 15. b4 Bf8 16. Bg5 Be7 17. Bd2 d6 18. Rac1 Nxe5 19. Ncxe5 dxe5 20. Nxe5 Bf6 21. f4 O-O 22. Rf3 Re8 23. Kh1 h4 24. Rg1 g6 25. g3 {Weiss will gxh4 spielen.} h3 26. g4 Bg7 27. Rxh3 Nf6 28. Qd3 Qd5+ 29. Qxd5 exd5 30. Nd3 (30. Rc1 $11 {hält das Gleichgewicht.}) 30... Ne4 31. Be1 {[#]} (31. Bc1 $15) 31... a5 $1 $17 {[%mdl 512]} 32. Rf3 (32. b5 $17 {war einen Versuch wert.}) (32. bxa5 c5) 32... axb4 $19 33. axb4 Ra3 (33... Bd4 $19 34. Rgf1 Ra1) 34. h4 c5 ({Besser ist} 34... Rea8 $19 35. Ne5 Bxe5 36. Rxa3 Rxa3 37. fxe5 d4) 35. bxc5 $15 {[#]} Nxc5 $1 {[%mdl 512]} 36. Ne5 $1 (36. Nxc5 Rxf3) 36... Ra2 37. Bc3 (37. Bg3 $15) 37... Ne4 {Und weiter mit ...Sf2+ wäre nett.} 38. Bd4 Rd2 39. Be3 Re2 ({Viel schwächer wäre} 39... Bxe5 $6 40. Bxd2 Nxd2 41. Re3 $16) 40. Nc6 (40. Rg2 $1 $11 {war der einzige Weg, das Gleichgewicht zu behalten.} Re1+ 41. Rg1) 40... Nd2 (40... Ra8 $17 {Weiss muss nun ...Taa2 beachten.} 41. Ne7+ Kh8) 41. Bxd2 $1 $11 Rxd2 42. Rg2 Rd1+ 43. Kh2 d4 {[%cal Bd5d4,Bd4e3,Be3e2][%mdl 32]} 44. Nb4 Bf8 45. Nd3 Re3 46. Rxe3 dxe3 {[%mdl 4096] Endspiel KTL-KTS} 47. Ne5 (47. Nb2 $1 $11 Rd4 48. Kg3) 47... Rd2 $17 48. Nf3 {[#]} e2 $1 {Droht ...Ta2 und aus.} 49. Kg3 Bb4 {zielt auf ...Ta2 ab.} 50. Rf2 $2 {[%mdl 8192]} (50. g5 $17) 50... Bc5 $2 ({Lieber} 50... Ra2 $19 51. Rg2 e1=Q+ 52. Nxe1 Bxe1+ 53. Kf3 Rxg2 54. Kxg2 Bxh4) 51. Rg2 Bb4 $2 {[%mdl 8192]} (51... Rb2 $17 52. g5 Kg7) 52. Rf2 $1 $19 Rb2 53. Kg2 Bc5 (53... f5 $142 54. gxf5 gxf5) 54. Ne1 f5 55. gxf5 (55. g5 $142) 55... gxf5 (55... Bxf2 $142 56. Kxf2 gxf5) 56. Kf3 (56. Rf3 $19 Rb1 57. Rg3+ Kh7 58. Kf3 Rxe1 59. Rg5 Rf1+ 60. Kxe2 Rxf4 61. Kd3) 56... Bxf2 {Schwarz setzt Matt.} 57. Kxf2 {KT-KS} Kg7 58. Nf3 Rb4 59. Kxe2 Rxf4 60. Kf2 Kg6 61. Kg3 Rg4+ 62. Kh3 Kh5 {Precision: Weiß = 36%, Schwarz = 48%.} 0-1

[Event "Central-SRB chT 2018"]
[Site "Kragujevac"]
[Date "2018.09.14"]
[Round "1"]
[White "Nikolic, Boban"]
[Black "Gavrilovic, Leonardo"]
[Result "1/2-1/2"]
[WhiteElo "2243"]
[BlackElo "2243"]
[Annotator "TA"]
[PlyCount "111"]
[EventDate "2018.09.14"]
[EventType "team-tourn"]
[EventCountry "SRB"]
[SourceTitle "playchess.com"]
[Source "ChessBase"]
[SourceQuality "1"]

{[%evp 12,111,0,0,16,-1,10,6,55,54,52,50,45,8,8,10,6,6,14,0,0,0,0,-24,0,-13,-7,-15,-9,-24,0,0,0,0,0,0,0,0,21,0,22,18,24,0,13,8,64,65,75,69,88,80,75,68,64,3,3,3,13,3,18,9,77,2,43,57,47,54,48,0,0,-7,0,0,0,0,0,0,0,0,0,0,0,0,0,0,0,0,0,0,0,0,0,0,0,0,0,0,0,0,0,0]} 1. c4 Nf6 {[%cal Bg8f6,Bf6d5,Bd5b6][%mdl 32]} 2. Nc3 e5 3. g3 d5 4. cxd5 Nxd5 5. Bg2 Nb6 6. Nf3 Nc6 7. a3 a5 {A29: English Opening: Four Knights Variation with 4 g3} (7... Be7 8. b4 O-O 9. d3 Re8 10. O-O Bf8 11. Bb2 a5 12. b5 Nd4 13. Nd2 c6 14. bxc6 Nxc6 15. Nc4 Be6 16. Nxb6 Qxb6 17. Rb1 Rad8 18. Ba1 Qc7 19. Qa4 Bd7 20. Qc4 Qc8 21. Bd5 {1-0 (45) Van Wely,L (2695)-Vachier Lagrave,M (2796) chess.com INT 2017}) 8. d3 Be7 9. Be3 Nd5 10. Nxd5 Qxd5 11. O-O Qb5 $146 ({Predecessor:} 11... a4 12. Nd4 Qd6 13. Nxc6 bxc6 14. Rc1 Bd7 15. Rc4 {1-0 (37) Egeli,P (2220)-Nilsen,K Stavanger 1991}) 12. d4 exd4 13. Nxd4 Nxd4 14. Bxd4 O-O 15. e3 Rd8 16. Rc1 c6 17. a4 Qf5 {[#] ...c5 is the strong threat.} 18. Qb3 Bb4 {Threatening ...Be6.} 19. e4 Qh5 20. Qe3 Bh3 21. Bxh3 Qxh3 22. Rfd1 Rd6 {[#] Hoping for ...Rad8.} 23. Qf3 Re8 24. Bc5 $40 {[%mdl 128] White is up to no good.} Rf6 (24... Rxd1+ {is more complex.} 25. Qxd1 Qe6 26. f3 Bxc5+ 27. Rxc5 g6) 25. Qg2 (25. Qe2 {is interesting.} h5 26. Bxb4 axb4 27. Rc4 h4 28. Rxb4 hxg3 29. fxg3 Rfe6 30. Re1) 25... Qh5 26. Bxb4 axb4 27. Rd4 Qa5 28. b3 b5 (28... g6 $11) 29. axb5 $14 Qxb5 30. Qf1 Qa5 31. Qc4 Rb8 32. Rcd1 {Threatens to win with Qa6!} h5 33. Rd6 (33. f4 $14) 33... Rf3 $1 $11 34. R1d3 Rxd3 35. Qxd3 {[%mdl 4096] Endgame KQR-KQR} Qc5 36. Kg2 Ra8 (36... Qc3 $11) 37. Rd7 ({Better is} 37. Rd4 $16) 37... Ra2 38. Qf3 f6 $1 39. e5 Qxe5 40. Rd8+ Kh7 {The position is equal.} 41. Qxc6 Re2 (41... Qe3 {with more complications.} 42. Qf3 Qxf3+ 43. Kxf3 Rb2 44. Rd3 g5) 42. Qf3 {aiming for Rd5.} Kg6 43. Rd5 Qe4 44. Qxe4+ Rxe4 {KR-KR} 45. Kf3 f5 $1 46. Rd6+ Kf7 47. h4 Ke7 48. Rg6 Kf7 49. Rb6 Ke7 50. Rb8 Kf7 51. Rb6 Ke7 52. Rb7+ Kf6 53. Kg2 f4 54. Rb6+ Kf7 55. Kf3 fxg3 56. fxg3 {Precision: White = 51%, Black = 50%.} (56. Kxe4 $2 {loses.} g2 $19) 1/2-1/2

[Event "Central-SRB chT 2018"]
[Site "Kragujevac"]
[Date "2018.09.14"]
[Round "1"]
[White "Radosavljevic, Slobodan S"]
[Black "Jovanovic, Bojan P"]
[Result "1-0"]
[WhiteElo "2106"]
[BlackElo "2275"]
[Annotator "ChessBase"]
[PlyCount "89"]
[EventDate "2018.09.14"]
[EventType "team-tourn"]
[EventCountry "SRB"]
[SourceTitle "playchess.com"]
[Source "ChessBase"]
[SourceQuality "1"]
[TimeControl "40/5400+30:1800+30"]

1. d4 d6 2. Nf3 Bg4 3. Nbd2 Nd7 4. e4 e5 5. c3 Ngf6 6. Bd3 Be7 7. O-O c6 8. h3 Bh5 9. a4 O-O 10. Re1 Re8 11. Nf1 Bf8 12. Ng3 Bxf3 13. Qxf3 exd4 14. cxd4 g6 15. a5 Bg7 16. b4 Nd5 17. Ba3 Nc7 18. Bc4 Qf6 19. Qxf6 Nxf6 20. Bf1 h5 21. h4 Nd7 22. Red1 a6 23. Rac1 d5 24. e5 Bh6 25. Rc2 f6 26. exf6 Nxf6 27. Bd3 Kf7 28. Bc1 Bg7 29. Bf4 Ne6 30. Be5 Ng4 31. Bxg7 Kxg7 32. Be2 Nh6 33. Kf1 Rf8 34. Rc3 Rf4 35. Re3 Re8 36. Bxh5 Rxh4 37. Rde1 gxh5 38. Rxe6 Rf8 39. Re7+ Rf7 40. R1e6 Rxe7 41. Rxe7+ Kg6 42. Re6+ Kg5 43. Rxh6 Rxd4 44. Rxh5+ Kg4 45. Rh4+ 1-0